Russia and the Central Asian republics : (Record no. 97814)

MARC details
000 -LEADER
fixed length control field 00658nam a22001937a 4500
005 - DATE AND TIME OF LATEST TRANSACTION
control field 20160107124358.0
010 ## - LCCN (DPL NO)
LC control number ENG-114319
020 ## - INTERNATIONAL STANDARD BOOK NUMBER
International Standard Book Number 978938190312
Terms of availability 495.00
035 ## - SYSTEM CONTROL NUMBER
System control number EN-97851
037 ## - SOURCE OF ACQUISITION
Source of stock number/acquisition DBAD/PUB
082 ## - DEWEY DECIMAL CLASSIFICATION NUMBER
Classification number 327.47058
100 ## - MAIN ENTRY--PERSONAL NAME
Personal name Ganguli, Sreemati
245 ## - TITLE STATEMENT
Title Russia and the Central Asian republics :
Statement of responsibility, etc by Sreemati Ganguli
Remainder of title post-Soviet engagements /
260 ## - PUBLICATION, DISTRIBUTION, ETC. (IMPRINT)
Place of publication, distribution, etc New Delhi
Name of publisher, distributor, etc KW Publishers
Date of publication, distribution, etc 2013
270 ## - ADDRESS
Address 4676/21, First Floor, Ansari Road, Daryaganj
City New Delhi
Postal code 110002
300 ## - PHYSICAL DESCRIPTION
Extent xiv,137p.
Dimensions 24cm(Hb)
500 ## - GENERAL NOTE
General note Includes bibliographical references (pages 121-137).
942 ## - ADDED ENTRY ELEMENTS (KOHA)
Source of classification or shelving scheme Dewey Decimal Classification
Item type English Books
Call number suffix GAN
Classification part 327.47058
Holdings
Withdrawn status Lost status Not for loan Collection code Home library Current library Date acquired Source of acquisition Cost, normal purchase price Full call number Barcode Copy number Cost, replacement price Koha item type
    Not For Loan Non-fiction D.B.Act.Division D.B.Act.Division 15/10/2015 DBAD/PUB 495.00 327.47058 GAN EN-97851 1 495.00 English Books

© Delhi Public Library
Hit Counter
free hit counter